Alle Bahnhöfe im Bundesland Sachsen (TEIL 2) - Statistiken

Allgemein
  • Dieses Quiz wurde 52 mal gespielt
  • Das Durchschnittsergebnis liegt bei 61 aus 119
Antwortstatistiken
Verkehrsverbund Bahnhof % Korrekt
MDV Leipzig Hauptbahnhof
97%
MDV Markkleeberg
81%
MDV Mügeln Stadt
81%
MDV Leipzig Markt
77%
MDV Leipzig MDR
77%
MDV Leipzig Messe
77%
MDV Leipzig Nord
77%
MDV Eilenburg
74%
MDV Leipzig Bayerischer Bahnhof
74%
MDV Leipzig-Engelsdorf
74%
MDV Leipzig-Leutzsch
74%
MDV Oschatz
74%
MDV Schkeuditz
74%
MDV Wurzen
74%
MDV Borna (b Leipzig)
71%
MDV Leipzig Coppiplatz
71%
MDV Leipzig-Miltitz
71%
MDV Leipzig-Sellerhausen
71%
MDV Leipzig Völkerschlachtdenkmal
71%
MDV Leipzig Wilhelm-Leuschner-Platz
71%
MDV Markranstädt
71%
MDV Torgau
71%
MDV Bad Lausick
68%
MDV Böhlen (b Leipzig)
68%
MDV Borsdorf (Sachs)
68%
MDV Flughafen Leipzig l Halle
68%
MDV Geithain
68%
MDV Leipzig-Connewitz
68%
MDV Leipzig Essener Straße
68%
MDV Leipzig-Gohlis
68%
MDV Leipzig-Heiterblick
68%
MDV Leipzig-Lindenau
68%
MDV Leipzig-Möckern
68%
MDV Leipzig-Paunsdorf
68%
MDV Leipzig-Plagwitz
68%
MDV Leipzig-Wahren
68%
MDV Markkleeberg-Gaschwitz
68%
MDV Taucha
68%
MDV Allee-Center Leipzig
65%
MDV Delitzsch oberer Bahnhof
65%
MDV Delitzsch unterer Bahnhof
65%
MDV Leipzig-Anger-Crottendorf
65%
MDV Leipzig-Liebertwolkwitz
65%
MDV Leipzig-Stötteritz
65%
MDV Leipzig-Thekla
65%
MDV Böhlen Werke
61%
MDV Dahlen
61%
MDV Eilenburg Ost
61%
MDV Frohburg
61%
MDV Leipzig Grünauer Allee
61%
MDV Leipzig Karlsruher Straße
61%
MDV Leipzig-Knauthain
61%
MDV Leipzig Miltitzer Allee
61%
MDV Leipzig Olbrichtstraße
61%
MDV Leipzig Slevogtstraße
61%
MDV Markkleeberg Nord
61%
MDV Rackwitz
61%
MDV Leipzig Mockauer Straße
58%
MDV Neukieritzsch
58%
MDV Regis-Breitingen
58%
MDV Schkeuditz West
58%
MDV Beilrode
55%
MDV Grimma oberer Bahnhof
55%
MDV Großpösna
55%
MDV Leipzig-Rückmarsdorf
55%
MDV Machern
55%
MDV Belgershain
52%
MDV Kühren
52%
MDV Leipzig-Lützschena
52%
MDV Leipzig-Mölkau
52%
MDV Narsdorf
52%
MDV Zschortau
52%
MDV Zwenkau-Großdalzig
52%
MDV Bennewitz
48%
MDV Leipzig-Holzhausen
48%
MDV Leipzig Werkstättenstraße
48%
MDV Neukirchen-Wyhra
48%
MDV Altenbach
45%
MDV Großdeuben
45%
MDV Lauterbach-Steinbach
45%
MDV Markkleeberg-Großstädteln
45%
MDV Tautenhain
45%
MDV Jesewitz
42%
MDV Lobstädt
42%
MDV Mockrehna
42%
MDV Pegau
42%
MDV Doberschütz
39%
MDV Gerichshain
39%
MDV Deutzen
35%
MDV Petergrube
35%
MDV Beucha
32%
MDV Großbothen
32%
MDV Kämmereiforst
32%
MDV Naunhof
32%
MDV Oberholz
32%
MDV Pönitz
32%
MDV Hopfgarten
29%
MDV Kyhna
29%
MDV Großlehna
26%
MDV Großsteinberg
26%
MDV Krensitz
26%
MDV Otterwisch
26%
MDV Tanndorf
26%
MDV Hohenroda
23%
MDV Klitschmar
19%
MDV Naundorf (b Oschatz)
19%
MDV Mügeln Flocke
13%
MDV Oschatz Lichtstraße
13%
MDV Oschatz Südbahnhof
13%
MDV Altmügeln
10%
MDV Altoschatz-Rosenthal
10%
MDV Glossen
10%
MDV Kemmlitz
10%
MDV Mügeln Bahnhof
10%
MDV Nebitzschen
10%
MDV Oschatz Körnerstraße
10%
MDV Thalheim-Kreischa
10%
MDV Schweta Bahnhof
6%
MDV Schweta Gasthof
6%
Keine übereinstimmenden Quizze gefunden
Verteilung der Resultate
Anzahl Personen mit jedem Resultat
Perzentil nach korrekt beantworteten Fragen
Ihre Resultats-Entwicklung
Sie haben dieses Quiz noch nicht gespielt